Salz's General Knowledge Quiz #3 - Statistics

General Stats
  • This quiz has been taken 59 times
  • The average score is 12 of 22
Answer Stats
Hint Answer % Correct
Which colour comes between yellow and blue on a rainbow? Green
86%
How many months are there in a decade? 120
84%
Which religion celebrates Diwali? Hinduism
78%
Of what species is "Homo sapiens" the scientific name? Man
76%
What name is shared by a terrorist group, a river in England and an Ancient Egyptian Goddess? Isis
75%
Which country rejected independence in a referendum on 18th September 2013? Scotland
67%
What is the most produced type of assault rifle in history? AK-47
63%
What is the name of the Crown Dependency lying on an island between Great Britain and Ireland? Isle of Man
59%
If I have a pint of dihydrogen oxide and I add it to a pint of water, how much water will I end up with? Two pints
59%
What is the English name for Uluru? Ayers Rock
57%
Who are not allowed on Mount Athos in Greece? Women
53%
In 2013 which country produced the largest amount of crude oil? Russia
51%
In which modern-day country was the banknote invented? China
49%
What is the capital of Sudan? Khartoum
47%
In which TV series would one find the characters Joffrey Baratheon, Daenerys Targaryen and Margaery Tyrell? Game of Thrones
41%
On which Jewish holiday did Egypt and Syria attack Israel on 6th October 1973? Yom Kippur
41%
What was the professional name of Marion Mitchell Morrison? John Wayne
39%
Which geological period succeeded the Permian and preceded the Jurassic? Triassic
39%
What name is given to the form of marching whereby soldiers lift their legs unusually high off the ground? Goose-step
35%
Which female Russian punk rock group is known for its illegal public guerrilla performances and their subsequent arrests? Pussy Riot
33%
Cyrus the Great was the ruler of which empire? Persian
27%
What is the furthest manmade object from Earth? Voyager 1
18%
No matching quizzes found
Score Distribution
Percent of People with Each Score
Percentile by Number Answered
Your Score History
You have not taken this quiz